[Event "IECG WC.2005.S.00002 email"]
[Site "IECG email"]
[Date "2003.05.19"]
[Round "?"]
[White "Henris, Luc"]
[Black "Oates, R Bruce"]
[Result "1/2-1/2"]
[WhiteElo "2302"]
[BlackElo "2025"]
[PlyCount "104"]
[EventDate "2003.05.19"]
[EventType "tourn (corr)"]
[EventRounds "10"]
[SourceTitle "Corr 2008"]
[Source "ChessBase"]
[SourceDate "2008.06.24"]
[SourceVersion "1"]
[SourceVersionDate "2008.06.24"]
[SourceQuality "1"]

1. e4 c5 2. c3 Nf6 3. e5 Nd5 4. d4 cxd4 5. Nf3 Nc6 6. Bc4 Nb6 7. Bb3 d5 8. exd6 Qxd6 9. Na3 dxc3 10. Qxd6 exd6 11. Nb5 Kd8 12. Ng5 Ne5 13. f4 Nd3+ 14. Ke2 cxb2 15. Bxb2 Nxb2 16. Nxf7+ Ke7 17. Nxh8 Bd7 18. Nc3 g6 19. Nf7 Bg7 20. Nd5+ Nxd5 21. Bxd5 Rf8 22. Rhc1 Na4 23. Rab1 b5 24. Kf3 Rxf7 25. Bxf7 Kxf7 26. Rc7 Ke8 27. Rxa7 Bd4 28. Re1+ Kd8 29. Ra8+ Bc8 30. Rb1 Nc3 31. Rb4 Bf6 32. a4 Kc7 33. Rxc8+ Kxc8 34. axb5 d5 35. g4 Kb7 36. g5 Be7 37. Rb3 d4 38. h4 Kb6 39. f5 gxf5 40. Kf4 Bf8 41. Kxf5 Bg7 42. h5 d3 43. Rb2 Na4 44. Rd2 Nc5 45. h6 Bc3 46. Rd1 Kxb5 47. g6 hxg6+ 48. Kxg6 Kc4 49. Rc1 d2 50. Rxc3+ Kxc3 51. h7 d1Q 52. h8Q+ Kc4 1/2-1/2

[Event "IECG WC.2005.S.00002 email"]
[Site "IECG email"]
[Date "2003.05.19"]
[Round "?"]
[White "Oates, R Bruce"]
[Black "La Candia, Juan Miguel"]
[Result "1-0"]
[WhiteElo "2025"]
[BlackElo "2300"]
[PlyCount "55"]
[EventDate "2003.05.19"]
[EventType "tourn (corr)"]
[EventRounds "10"]
[SourceTitle "Corr 2008"]
[Source "ChessBase"]
[SourceDate "2008.06.24"]
[SourceVersion "1"]
[SourceVersionDate "2008.06.24"]
[SourceQuality "1"]

1. d4 Nf6 2. c4 e6 3. Nf3 c5 4. d5 exd5 5. cxd5 d6 6. Nc3 g6 7. e4 a6 8. h3 b5 9. Bd3 Bg7 10. 0-0 0-0 11. a3 Re8 12. Re1 Nbd7 13. Bf4 Qb6 14. Bc2 Nh5 15. Be3 Qc7 16. Qd2 Ne5 17. Nxe5 Bxe5 18. f4 Bg7 19. e5 dxe5 20. d6 Qd8 21. Be4 Rb8 22. Rad1 exf4 23. Bxc5 Nf6 24. Qxf4 Be6 25. Bc6 Qc8 26. Bd4 Qxc6 27. Bxf6 Bxf6 28. Qxf6 1-0